| LEADER | 01167nam a2200265 u 4500 | ||
|---|---|---|---|
| 001 | 10117761 | ||
| 003 | upatras | ||
| 005 | 20240315122708.0 | ||
| 008 | 151005s1987 gr gre | ||
| 040 | |a GR-PaULI |c GR-PaULI | ||
| 041 | 0 | |a gre | |
| 082 | 0 | 4 | |a 801 |
| 100 | 1 | |a Φίλη, Χριστίνα Π., |d 1945- |4 aut |9 146499 | |
| 245 | 1 | 0 | |a Αμφίδρομα |c Χριστίνα Φίλη; πρόλογος του ακαδημαϊκού Κ. Ι. Δεσποτόπουλου |
| 260 | |a Αθήνα |b Σμίλη |c 1978 | ||
| 300 | |a 247 σ. |c 21 εκ. | ||
| 650 | 4 | |a Τέχνη |x Φιλοσοφία |9 3628 | |
| 650 | 4 | |9 145969 |a Επιστήμη |x Φιλοσοφία | |
| 650 | 4 | |9 8133 |a Λογοτεχνία |x Φιλοσοφία | |
| 700 | 1 | |a Δεσποτόπουλος, Κωνσταντίνος Ι., |d 1913-2016 |4 aui |9 5748 | |
| 852 | |a GR-PaULI |b ΠΑΤΡΑ |b ΦΙΛΟΣΟΦΙΑ |k ΑΣΧΕ-4 |h 801 ΦΙΛ |m 10719 |p 025000188523 |t 1 | ||
| 942 | |2 ddc |c BK15 | ||
| 952 | |0 0 |1 0 |4 0 |6 801_000000000000000_ΦΙΛ |7 0 |9 184766 |a PHIL |b PHIL |d 2016-04-24 |i 10719 |l 0 |o 801 ΦΙΛ |p 025000188523 |r 2016-04-24 00:00:00 |t 1 |w 2016-04-24 |y BK15 | ||
| 998 | |c ΚΑΝΕΛΛΟΠΟΥΛΟΥ |d 2015-10 | ||
| 999 | |c 113854 |d 113854 | ||